La Virgen María y la Iglesia de hoy (Record no. 74436)

MARC details
000 -LEADER
campo de control de longitud fija 00827nam a2200205 i 4500
001 - NÚMERO DE CONTROL
campo de control 74436
003 - IDENTIFICADOR DE NÚMERO DE CONTROL
campo de control ES-MaACL
005 - FECHA Y HORA DE LA ÚLTIMA TRANSACCIÓN
campo de control 20250820051413.0
007 - CAMPO FIJO DE DESCRIPCIÓN FÍSICA--INFORMACIÓN GENERAL
campo de control de longitud fija t|
008 - DATOS DE LONGITUD FIJA--INFORMACIÓN GENERAL
campo de control de longitud fija 040920s1972 sp ||||1| spa d
100 1# - ENTRADA PRINCIPAL--NOMBRE DE PERSONA
Nombre de persona González Martín, Marcelo,
Fechas asociadas al nombre 1918-2004
9 (RLIN) 140601
245 13 - MENCIÓN DEL TÍTULO
Título La Virgen María y la Iglesia de hoy
Resto del título : María y el humanismo cristiano. Conferencia de clausura de la XXXI Asamblea de Estudios Mariológicos, celebrada en Zaragoza (16-21 de octubre, 1972) /
Mención de responsabilidad, etc. Marcelo González Martín.
260 ## - PUBLICACIÓN, DISTRIBUCIÓN, ETC.
Lugar de publicación, distribución, etc. Madrid :
Nombre del editor, distribuidor, etc. Coculsa,
Fecha de publicación, distribución, etc. [1972]
300 ## - DESCRIPCIÓN FÍSICA
Extensión 55 p., 11 lám. ;
Dimensiones 25 cm.
500 ## - NOTA GENERAL
Nota general Precede al tít.: Sociedad Mariológica Española.
600 04 - PUNTO DE ACCESO ADICIONAL DE MATERIA--NOMBRE DE PERSONA
Nombre de persona Virgen María
9 (RLIN) 115436
710 2# - ENTRADA AGREGADA--NOMBRE DE ENTIDAD CORPORATIVA
Nombre de entidad corporativa o nombre de jurisdicción como elemento de entrada Sociedad Mariológica Española.
9 (RLIN) 6790
852 ## - LOCALIZACIÓN
Ubicación ES-MaACL
Número de control de estantería C-50782
Sublocalización o colección R.85249
Holdings
Estatus retirado Estado de pérdida Estado de daño No para préstamo Biblioteca de origen Biblioteca actual Ubicación en estantería Fecha de adquisición Fuente de adquisición Total de préstamos Signatura topográfica completa Código de barras Visto por última vez Precio de reemplazo Tipo de ítem Koha
        Biblioteca del Ateneo de Madrid Biblioteca del Ateneo de Madrid Depósito 2 17/01/2008     C-50782 1077919 23/02/2023 23/02/2023 Libro impreso